000 00490nam a22001697a 4500
999 _c163791
_d163791
005 20190501113527.0
010 _aENG-125108
020 _a9789384061661
_c499.00
037 _bDBAD/PUB
082 _a332.024
100 _aAshar,Kalpesh
245 _aYours financially:
_cby Kalpesh Ashar
_blife finance and films/
260 _aMumbai
_bTV 18 Broadcast
_c2017
270 _a414,1st Floor Empire Mills,Lower Parel
_bMumbai
_e400013
300 _a194p
_b21cm
942 _2ddc
_cEN
_kASH
_m332.024